[Event "RUS-chT 12th"]
[Site "Sochi"]
[Date "2005.04.25"]
[Round "7"]
[White "Volkov, Sergey"]
[Black "Khalifman, Alexander"]
[Result "1-0"]
[WhiteElo "2634"]
[BlackElo "2658"]
[Annotator "Krasenkow,M"]
[PlyCount "55"]
[EventDate "2005.04.19"]
[EventType "team-tourn"]
[EventRounds "11"]
[EventCountry "RUS"]
[SourceTitle "EXT 2020"]
[Source "ChessBase"]
[SourceDate "2019.10.17"]
[SourceVersion "1"]
[SourceVersionDate "2019.10.17"]
[SourceQuality "1"]
[WhiteTeam "Saransk TPS"]
[BlackTeam "Samara Termosteps"]
[WhiteTeamCountry "RUS"]
[BlackTeamCountry "RUS"]

1. d4 Nf6 2. c4 g6 3. Nc3 d5 4. Nf3 Bg7 5. Qb3 dxc4 6. Qxc4 O-O 7. e4 a6 8. Be2
b5 9. Qb3 c5 10. dxc5 Nc6 {A rare move, instead of the common} (10... Bb7) 11.
O-O {Other options for White:} (11. Bf4 Be6 12. Qc2 b4 13. Nd5 Nxd5 14. exd5
Qxd5 15. O-O Qf5 $15 {1/2-1/2 Nikitin,A-Nevostrujev,V/Smolensk 2000/CBM 077 
(86)}) (11. e5 Ng4 12. Bf4 Be6 13. Qc2 Bf5 14. Qc1 Ngxe5 15. Nxe5 Nxe5 16. O-O
Nd3 17. Bxd3 Bxd3 18. Rd1 Qd4 19. Be3 Qc4 20. Bh6 Bxh6 21. Qxh6 Rfd8 22. Qe3
Rac8 23. Rac1 e5 24. Qxe5 Qxc5 25. Nd5 Qxc1 26. Ne7+ {1/2-1/2 Kovacs,G-Dvoirys,
S/Oberwart 2004/EXT 2005}) (11. Bg5 Be6 (11... b4 12. Bxf6 exf6 13. Nd5 Be6 14.
Rd1 Qa5 15. O-O Rfe8 16. Qc2 $16 {0-1 Umezinwa,G-Aseem,M/Chicago 1989/EXT 99 
(76)}) 12. Qc2 b4 13. Bxf6 Bxf6 14. Nd5 (14. Na4 $5) 14... Bxd5 15. exd5 Qxd5
16. O-O Rfc8 17. Rfd1 Bd4 $13 {1-0 Al Khateeb,A-Hakki,I/Doha 1992/EXT 97 (36)})
11... Be6 (11... b4 $5 12. Na4 (12. Nd5 Nxe4 13. Qc4 Be6 14. Rd1 Nd4 $1 15.
Nxd4 Bxd5 16. Qxb4 e6 (16... Rb8 17. Qa3 Qc7 18. b4 Qb7 19. Rb1 Nxc5 20. Be3
Ne4 21. f3 Nd6 22. Bxa6 Qa8 23. Qd3 $14 {1/2-1/2 Flear,G-Conquest,S/Ostend
1987/EXT 97 (41)}) 17. f3 Rb8 18. Qe1 Nxc5 19. Nc6 Nd3 $1 20. Nxd8 {1/2-1/2
Gulko,B-De la Villa Garcia,J/Leon 1992/CBM 031/[Ftacnik]} (20. Nxd8 Nxe1 21.
Nxe6 Bxe6 22. Rxe1 Bxb2 23. Bxb2 Rxb2 24. Bxa6 Rxa2 25. Rxa2 Bxa2 $10)) 12...
Nxe4 13. Be3 Be6 (13... Rb8 14. Nb6 Nxc5 15. Bxc5 Rxb6 16. Bxb6 Qxb6 17. Rac1
Be6 18. Qc2 Rc8 19. Qa4 Bxb2 20. Qxa6 Qxa6 21. Bxa6 Rc7 22. Rc5 b3 23. axb3 Ba3
24. Rc2 Bf5 25. Rc4 Be6 26. Ra4 Bd6 27. Bc4 $16 {1-0 Sosonko,G-Fernandez
Garcia,J/Linares 1995/CBM 051 (35)}) (13... Bb7 14. Nb6 Ra7 15. Rad1 Qc7 16.
Qc4 $1 Nf6 17. Qh4 a5 18. Bf4 e5 19. Bg5 Ne7 20. Bxf6 Nf5 21. Qc4 Bxf6 22. Nd7
Qc6 23. Qb5 $1 $16 {1-0 Lalic,B-Rowson,J/Walsall 1997/EXT 98 (36)}) 14. Qc2 Nf6
15. Nb6 Ra7 16. Rfd1 Qc7 17. g3 Bf5 18. Qc4 Ng4 $13 {1-0 Mann,G-Juhasz,L/
Hungary 2002/EXT 2004 (40)}) 12. Qc2 Qc7 {[%cal Rc6b4,Rf6g4]} (12... b4 13. Na4
Qa5 14. Bf4 $16) 13. h3 $1 $146 {[%mdl 8] A simple prophylactical move. White
prevents ...Ng4, gives up the c5 pawn but obtains a very active position.} (13.
Be3 b4 (13... Ng4 14. Nd5) 14. Nd1 (14. Na4 Ng4) 14... Ng4 15. g3 Qa5 16. Bc4
Bxc4 17. Qxc4 Nxe3 18. Nxe3 Bxb2 19. Rab1 Bg7 20. Nd5 Rab8 21. Nb6 Rfd8 $11 {
1/2-1/2 Gligoric,S-Hort,V/Moscow 1999/CBM 072 (30)}) 13... Nb4 14. Qb1 Qxc5 15.
a3 Nc6 16. Be3 Qd6 17. Rd1 Qb8 18. Nd5 Bxd5 $6 {This exchange is unfavorable
for Black. Patience was required:} (18... Rd8 19. Nb6 Ra7 20. a4 $14) 19. exd5
Na5 $6 {[%csl Ra5] This knight will get into trouble.} (19... Ne5 $142 20. a4
$1 $36) 20. Qa2 Rd8 21. Rac1 Qb7 22. b4 Nc4 23. Bxc4 bxc4 24. d6 exd6 25. Qxc4
$16 {White's chances are clearly better, due to his queenside pawn advantage
and Black's pawn weaknesses. Still, it is hard to believe that Black is about
to lose in three moves!} Ne4 26. Nd4 Rac8 $4 {[%mdl 8192]} (26... Re8 $16) 27.
Nc6 Re8 28. Ne7+ $1 {Black resigns in view of 28...Qxe7 29.Qxc8 Rxc8 30.Rxc8+
Bf8 31.Bh6.} 1-0

[Event "RUS-ch sf 58th"]
[Site "Kazan"]
[Date "2005.09.05"]
[Round "3"]
[White "Vorobiov, Evgeny E"]
[Black "Grebionkin, Vladimir"]
[Result "1-0"]
[WhiteElo "2552"]
[BlackElo "2438"]
[Annotator "Krasenkow,M"]
[PlyCount "71"]
[EventDate "2005.09.03"]
[EventType "swiss"]
[EventRounds "9"]
[EventCountry "RUS"]
[SourceTitle "CBM 109"]
[Source "ChessBase"]
[SourceDate "2005.11.14"]
[SourceVersion "1"]
[SourceVersionDate "2005.11.14"]
[SourceQuality "1"]

1. d4 Nf6 2. c4 g6 3. Nc3 d5 4. Nf3 Bg7 5. Qb3 dxc4 6. Qxc4 O-O 7. e4 a6 8. Be2
b5 9. Qb3 c5 10. dxc5 Bb7 11. O-O Nxe4 12. Nxe4 Bxe4 13. Bf4 Bd5 14. Qe3 Bxb2 {
A rare move but Black has a novelty in mind.} (14... Nc6 15. Rad1 e6 {- see
Volkov-Van Wely (CBM 106) and Kozul-Predojevic (CBM 108).}) 15. Rad1 e6 16. Bd6
(16. Ng5 Bg7 17. Bg4 Qf6 18. Bd6 Nc6 19. Bxf8 Bxf8 20. Ne4 Qe5 (20... Bxe4 $5
21. Qxe4 Rc8 {V.Cmylite}) 21. Bf3 Rd8 22. Rfe1 Kg7 23. h4 h6 24. h5 g5 25. Nd6
$1 $16 {1-0 Cmilyte,V-Karjakin,S/Wijk aan Zee 2003/CBM 093 (39)}) (16. Nd4 $6
Bxd4 (16... Nd7 $5 {L.Ftacnik}) 17. Rxd4 Nc6 18. Rd2 Qf6 19. Rc1 (19. Rfd1) (
19. Bd6 $5 Rfe8 20. f4 $44 {L.Ftacnik}) 19... Rfe8 20. h3 e5 21. Bg5 Qe6 22.
Bg4 f5 $15 {0-1 Bareev,E-Van Wely,L/Wijk aan Zee 2003/CBM 093/[Ftacnik] (73)})
(16. Ne5 Nd7 17. Nd3 Bg7 18. Nb4 Nf6 19. Be5 Ne8 {1/2-1/2 Babula,V-Svidler,P/
Deutschland 2002/Inf 86}) 16... Nc6 $1 $146 {[%mdl 8] Karjakin's idea (see
above) now perfectly works.} (16... Re8 17. Ne5 Nd7 18. f4 Nb6 19. Rd2 Bxe5 20.
fxe5 Nc8 21. Bf3 Ne7 22. Bxd5 Nxd5 23. Qh6 Ra7 24. Rdf2 f5 25. exf6 Rf7 26. h4
$16 {1-0 Volkov,S-Shomoev,A/Sochi 2004/CBM 100 ext (29)}) 17. Bxf8 Qxf8 18. Ng5
Bf6 19. Ne4 Be7 $44 {^^,xc5} 20. Qf4 $6 (20. a4 b4 {[%csl Gb4]}) (20. Nd6 Bxd6
21. cxd6 Qxd6 22. Bf3 Ne7 $15) (20. Rd2 $5) 20... e5 21. Qe3 Nd4 {[%csl Gd4]
White has hoped to undermine the black knight with f2-f4 but it is not so easy
to do.} 22. Kh1 (22. f4 $2 Nf5 {[%cal Of5e3,Ce3d3,Cd3d5,Ye7c5]}) 22... Bxa2 23.
Rd2 Be6 24. Rfd1 (24. f4 $5 $17 Nb3 $140 (24... Nf5 25. Qa3) 25. Rc2) 24... Rc8
25. f4 {At last but Black is well-prepared.} Qh6 26. Bf1 Nb3 $19 27. Rd7 $5 {
Desperation - and suddenly Black loses thread of the game.} Qf8 $2 (27... exf4
28. Qf3 Qh4 $19 {[%cal Cd7d3,Cd3b3,Rb3c5,Cd7a7,Ca7a6,Re6d7]}) 28. c6 (28. Rxe7
$5 Qxe7 29. fxe5 Nxc5 30. Nf6+ Kg7 31. Qg5 Qf8 $17) 28... Rxc6 $2 (28... exf4
$17) 29. Rxe7 $1 Qxe7 30. fxe5 $132 Bf5 $2 (30... Nc5 31. Rd6 $1 Rc8 32. Nxc5
Qa7 33. Qf2 Qxc5 34. Rd8+ Kg7 35. Qf6+ $11) (30... Kg7 $1 31. Nf6 h6 {still
keeping good prospects.}) 31. Nf6+ Rxf6 $4 {[%mdl 8192]} (31... Kg7 32. g4 (32.
Qxb3 Qxe5 {[%cal Oe5f6,Oc6f6,Cf6d7,Cd7e5,Rf5c2]} (32... Bc2 33. Qf3) 33. Nd7
Qf4 $13) 32... Be6 33. Qg5 $1 Bxg4 $8 34. Rd3 $1 $13) 32. exf6 Qxf6 (32... Qxe3
33. Rd8+ {- a big surprise for Black!}) 33. Qxb3 Bg4 34. Re1 Be6 35. Qf3 Qd8
36. Rd1 1-0

[Event "RUS-ch sf 58th"]
[Site "Kazan"]
[Date "2005.09.05"]
[Round "3"]
[White "Lugovoi, Aleksei"]
[Black "Yandemirov, Valeri"]
[Result "1-0"]
[WhiteElo "2556"]
[BlackElo "2515"]
[Annotator "Krasenkow,M"]
[PlyCount "79"]
[EventDate "2005.09.03"]
[EventType "swiss"]
[EventRounds "9"]
[EventCountry "RUS"]
[SourceTitle "CBM 109"]
[Source "ChessBase"]
[SourceDate "2005.11.14"]
[SourceVersion "1"]
[SourceVersionDate "2005.11.14"]
[SourceQuality "1"]

1. d4 Nf6 2. c4 g6 3. Nc3 d5 4. Nf3 Bg7 5. Qb3 dxc4 6. Qxc4 O-O 7. e4 Na6 8.
Be2 c5 9. d5 e6 10. O-O exd5 11. exd5 b5 {Wow! Is it possible to play like
this when the white king has already castled? In fact, it's a typical
"Gruenfeld" move so the question is quite principal. To me it seems that Black
just remains with a passive a6 knight and isolated c5 pawn.} 12. Nxb5 (12. Qxb5
Nxd5 (12... Rb8 13. Qa4 Rb4 14. Qd1 Ne4 15. Nxe4 Rxe4 16. Bd3 Rb4 17. a3 Rb6
18. Bc4 $16 {Ballesteros Gonzalez,D-Perez Fungueiro,M/Spain 1998/EXT 2002}) 13.
Bg5 (13. Qc6 Nb6 (13... Nxc3 $5 14. bxc3 Qb6) 14. Rd1 Qc7 15. Qe4 Bb7 16. Qh4
Nb4 17. Bf4 Qc8 18. Rac1 (18. Bh6 $142) 18... Qf5 $14 {0-1 Vasilevich,T-Peptan,
C/Bratislava 1993/TD (42)}) 13... Nxc3 14. bxc3 Qe8 (14... Qb6 15. Be7 Nc7 16.
Qxb6 axb6 17. Bxf8 Kxf8 18. Rab1 $14 {1/2-1/2 Khachian,M-Atalik,S/Kansas 2003/
CBM 097 ext (48)}) 15. Qxe8 (15. Qc4 $5) 15... Rxe8 16. Bb5 Re6 17. Rad1 Nc7
18. Rd8+ Bf8 19. Rfd1 Bb7 20. Bc4 Rxd8 21. Rxd8 Rd6 22. Ne5 {1/2-1/2 Korotylev,
A-Vorobiov,E/St Petersburg 2001/CBM 082 ext}) 12... Qxd5 (12... Nxd5 13. Rd1
Bb7 14. Nc3 $14 Nab4 15. Bg5 (15. Nxd5 $5 Nxd5 16. Qxc5) 15... Qb6 $2 (15...
Qe8) 16. Na4 Qc6 17. Nxc5 $16 {1-0 Piceu,T-Bolzoni,V/Belgium 2000/CBM 081 ext 
(57)}) 13. Bf4 (13. Nc3 Qxc4 14. Bxc4 Nc7 15. Bf4 Be6 16. b3 Bxc4 17. bxc4 Ne6
18. Be5 Nd7 19. Bxg7 Kxg7 $11 {1/2-1/2 Eismont,I-Wagner,A/Germany 2004/CBM 098
ext (49)}) (13. Qxd5 Nxd5 14. Nd6 Nab4 15. Nxc8 Raxc8 16. Rd1 Rfe8 17. Kf1 c4
18. a3 c3 $1 $132 {1/2-1/2 Shainswit,G-Flores Alvarez,R/Dubrovnik 1950/MCD (26)
}) 13... Be6 (13... Bb7 14. Rad1 Qxc4 15. Bxc4 Bxf3 $6 16. gxf3 Nb4 17. Rfe1
Rfd8 18. Nd6 Rd7 19. Nxf7 Rxf7 20. Re7 Raf8 21. Rxf7 Rxf7 22. Rd8+ Bf8 23. Bh6
Nbd5 24. h4 {1-0 Ercan,S-Bouma,J/Chessfriend.com 2004/Telechess CBM 103}) 14.
Qc1 (14. Qa4 $143 Qe4 $1 15. Qxe4 Nxe4 16. Be5 Rfd8 17. Rfc1 Bh6 18. Nc3 Nxc3
19. Rxc3 Nb4 20. a3 Nc6 21. Rxc5 Nxe5 22. Nxe5 Rd2 23. Bf3 Rc8 24. Rxc8+ Bxc8
$44 {1/2-1/2 Lputian,S-Aronian,L/Yerevan 1996/EXT 98 (29)}) 14... Qb7 (14...
Rad8 $5) 15. Bh6 {After the exchange of this strong bishop the weakness of the
c5 pawn becomes obvious.} (15. Nd6 Qb6 16. Bxa6 Qxa6 17. Qxc5 Rab8 $44) 15...
Bd5 16. Nh4 $5 {An interesting attacking plan.} Qb6 17. Nc3 Nc7 18. Bxg7 Kxg7
19. Qg5 Rfe8 20. Nf5+ Kh8 21. Ne3 Ne4 22. Nxe4 Bxe4 23. b3 Ne6 (23... Rad8 $142
{[%cal Yd8d4]}) 24. Qf6+ Ng7 $2 {This pawn sacrifice "for nothing" in a
difficult position is obviously incorrect. White now wins quite easily.} (24...
Kg8 $142 25. Bc4 $1 $16 ({but not} 25. Ng4 h5 $1 {(a trick Black probably
overlooked)} 26. Nh6+ (26. Ne5 $2 Nd4 $1 27. Qxf7+ Kh8) 26... Kh7 27. Nxf7 Nd4
$1 28. Ng5+ Kh6 $11)) 25. Qxf7 Rf8 26. Qc4 Bb7 27. Qc3 Rad8 28. Rac1 Rfe8 29.
Rfd1 Rd4 30. Qxc5 Qxc5 31. Rxc5 Rxd1+ 32. Bxd1 Nf5 33. Rc7 Re7 34. Rxe7 Nxe7
35. f4 Kg7 36. Kf2 Kf6 37. Bf3 Bc8 38. Nd5+ Nxd5 39. Bxd5 g5 40. Ke3 {It looks
like 11...b5 deserves "?!" marks and nothing more.} 1-0

[Event "Sarajevo Bosnia 35th"]
[Site "Sarajevo"]
[Date "2005.05.23"]
[Round "5"]
[White "Kozul, Zdenko"]
[Black "Predojevic, Borki"]
[Result "1-0"]
[WhiteElo "2591"]
[BlackElo "2549"]
[Annotator "Krasenkow,M"]
[PlyCount "79"]
[EventDate "2005.05.19"]
[EventType "tourn"]
[EventRounds "9"]
[EventCountry "BIH"]
[EventCategory "16"]
[SourceTitle "CBM 108"]
[Source "ChessBase"]
[SourceDate "2005.09.26"]
[SourceVersion "1"]
[SourceVersionDate "2005.09.26"]
[SourceQuality "1"]

1. d4 Nf6 2. Nf3 g6 3. c4 Bg7 4. Nc3 d5 5. Qb3 dxc4 6. Qxc4 O-O 7. e4 a6 8. Be2
b5 9. Qb3 c5 10. dxc5 Bb7 11. O-O Nxe4 12. Nxe4 Bxe4 13. Bf4 Bd5 14. Qe3 Nc6
15. Rad1 e6 {About this line - see CBM106, annotations to Volkov-van Wely.} 16.
Ne5 {[%mdl 520] A new but very simple idea - White wants to trade all minor
pieces (the turn of the light-squared bishops will come later) keeping his
strong c5 pawn. The problem is that Black can immediately win a pawn. However,
GM Zdenko Kozul correctly evaluates (at home?) that he will get a tremendous
compensation.} Nxe5 17. Bxe5 Bxe5 18. Qxe5 Qc8 19. b4 Bxa2 20. Bf3 Bd5 {
Giving back the pawn, after which White is slightly better. Black can, however,
hope for a draw due to the limited pawn material.} (20... Ra7 {was crucial:}
21. Rd2 Bc4 22. Rfd1 $44) 21. Bxd5 exd5 22. Rxd5 a5 23. h4 Qe6 24. Qd4 h5 $6 {
Too passive. The white c-pawn now quickly moves forward.} (24... axb4 $5 25. h5
b3 26. h6 f6) 25. Rd6 Qg4 (25... Qc4 $2 26. Qxc4 bxc4 27. b5) 26. Qd5 axb4 27.
c6 Kg7 28. Qe5+ Kh7 29. Qxb5 Qxh4 30. c7 $16 Rac8 31. Rd7 Qe4 32. Rfd1 Qc2 33.
Qe5 b3 34. R1d2 Qc1+ 35. Kh2 Kg8 $4 {This loses at once but in case of passive
defense White could continue f4-f5 etc.} (35... Qc4 36. f4 $36) 36. R2d6 $6 {
[%cal Od6g6,Yd6b6] Good enough to win (it's important that Black can't now
take the c7 pawn) but} (36. Rxf7 $1 {was much simpler:} Rxf7 37. Rd8+ Rf8 38.
Qe6+ Kg7 39. Qe7+ Rf7 40. Qe5+ Kh6 41. Rxc8 $18) 36... Qc2 $6 (36... Kh7 37.
Rf6 Qc4 38. Rf4 $18) (36... Qh6 37. Rb6 $16) 37. Rb6 $6 (37. Rxf7 $18) 37...
Qf5 (37... Kh7 38. Rf6 Kg8 39. Rfxf7 Rxf7 40. Rd8+ $18) 38. Qxf5 gxf5 39. Rxb3
Rfe8 40. Rb5 {The endgame is hopeless for Black.} 1-0

[Event "Moscow Aeroflot op-A"]
[Site "Moscow"]
[Date "2005.02.19"]
[Round "5"]
[White "Volkov, Sergey"]
[Black "Van Wely, Loek"]
[Result "1-0"]
[WhiteElo "2612"]
[BlackElo "2679"]
[Annotator "Krasenkow,M"]
[PlyCount "89"]
[EventDate "2005.02.15"]
[EventType "swiss"]
[EventRounds "9"]
[EventCountry "RUS"]
[SourceTitle "CBM 106"]
[Source "ChessBase"]
[SourceDate "2005.06.06"]
[SourceVersion "1"]
[SourceVersionDate "2005.06.06"]
[SourceQuality "1"]

1. d4 Nf6 2. c4 g6 3. Nc3 d5 4. Nf3 Bg7 5. Qb3 dxc4 6. Qxc4 O-O 7. e4 a6 8. Be2
b5 9. Qb3 c5 10. dxc5 Bb7 11. O-O Nxe4 12. Nxe4 Bxe4 13. Bf4 {About this line
- see annotations by GM L.Ftacnik in CBM85 (game Kazhgaleev-Konguvel) and
CBM93 (Bareev-Van Wely).} e6 (13... Bd5 14. Qe3 Nc6 (14... Bxb2 $6) 15. Rad1 e6
{leads to the same position.}) 14. Rad1 Bd5 15. Qe3 Nc6 16. Bd6 {GM Sergey
Volkov improves his play on the following game:} (16. Rd2 $6 Qa5 17. a3 b4 18.
Rc1 Ra7 19. axb4 Qxb4 20. Bh6 Bxh6 21. Qxh6 Bxf3 22. Rc4 (22. Bxf3 Nd4 {
[%cal Rd4f3,Rd4b3]}) 22... Qa5 23. gxf3 Rb8 24. Rh4 f6 25. Bc4 Ne5 26. Bxe6+
Kh8 $36 {0-1 Volkov,S-Timofeev,A/Krasnoyarsk 2003/CBM 098 (64)}) 16... Re8 17.
Ne5 Qa5 $6 {This is less efficient now than after 16.Rd2.} (17... Ne7 $5 {
[%cal Re7f5,Re7c8] e.g.} 18. Bg4 Nc8 19. Nxf7 $5 Kxf7 20. Rxd5 exd5 21. Qf3+
Bf6 22. Qxd5+ Kg7 23. Qxa8 Nxd6 24. Qxa6 Nc4 25. Qxb5 Nxb2 $13) 18. Nd7 $1 {
[%csl Rd5][%cal Cg7b2,Yd7b6]} Qxa2 19. Rd2 $1 {[%cal Cg7b2]} (19. Nb6 $143 Qxb2
) 19... Bc4 (19... Rad8 20. Nb6 Bxb2 21. Bc7 {[%csl Rb2]}) 20. Nb6 Rad8 (20...
Bxe2 $6 21. Rxe2 {[%cal Ob6a8,Rb2b4]} Nd4 22. Rd2 Nf5 23. Qd3 Nxd6 24. cxd6 $18
) 21. Nxc4 bxc4 22. Qf4 Ne5 23. Rfd1 Nd3 $6 {A positional capitulation.} (23...
Qa5 $5) 24. Bxd3 cxd3 25. b4 Qa4 26. Rxd3 $16 {[%csl Gc5,Gd6] As a result of
the knight manoeuvre, White has obtained a clear positional advantage.} a5 27.
bxa5 Qxa5 28. h4 {As usually in such positions, White must open a "second
front" on the kingside.} h5 29. Rf3 Qa7 30. Rb1 Qd7 31. Qe4 {[%cal Cf7f5,Cf5e4,
Rb1b7]} f5 $8 {Alas, this suicidal weakening is forced. Now White must regroup
his pieces to attack the e6 pawn (in combination with threatening to invade
the 7th rank or push his passed pawn, of course).} 32. Qc4 Qf7 33. Ra3 Bf6 34.
Ra6 Rd7 35. Qb4 {[%cal Rc5c6]} Red8 36. Re1 {[%csl Re6]} Bg7 37. g3 Bf6 38. Kh2
Be7 39. Bf4 Rd4 40. Qc3 Rd3 41. Qc4 R8d4 42. Qxe6 Qxe6 43. Rexe6 Kf7 44. Rxg6
Rd5 45. c6 1-0

[Event "Foros Aerosvit"]
[Site "Foros"]
[Date "2006.06.25"]
[Round "8"]
[White "Bologan, Viktor"]
[Black "Areshchenko, Alexander"]
[Result "1/2-1/2"]
[WhiteElo "2666"]
[BlackElo "2660"]
[Annotator "Krasenkow,M"]
[PlyCount "173"]
[EventDate "2006.06.17"]
[EventType "tourn"]
[EventRounds "11"]
[EventCountry "UKR"]
[EventCategory "18"]
[SourceTitle "CBM 113"]
[Source "ChessBase"]
[SourceDate "2006.07.31"]
[SourceVersion "1"]
[SourceVersionDate "2006.07.31"]
[SourceQuality "1"]

1. d4 Nf6 2. c4 g6 3. Nc3 d5 4. Nf3 Bg7 5. Qb3 dxc4 6. Qxc4 O-O 7. e4 Na6 8.
Be2 c5 9. d5 e6 10. O-O exd5 11. exd5 Bf5 12. Be3 {A very solid continuation
creating pressure on the c5 pawn. Its drawback is that Black can sometimes
sacrifice an exchange (Re8xe3) to dominate on the dark squares.} Qb6 13. Nh4 {
A typical move to prevent ...Rf8-e8 and ...Nf6-e4.} Bd7 14. a3 (14. Rab1 Rfe8
15. b4 (15. a3 {-game}) {is somewhat premature due to} 15... Rxe3 $1 16. fxe3
cxb4 17. Qf4 Qc5 18. Ne4 Nxe4 19. Qxe4 Re8 20. Qf4 Qxe3+ 21. Qxe3 Rxe3 22. Bxa6
bxa6 23. Rxb4 Rd3 $11 {0-1 Timman,J-Kasparov,G/Sarajevo 1999/CBM 071/[Ftacnik]
(60)}) 14... Rfe8 (14... Qa5 15. Nf3 Rfe8 16. Qh4 Rac8 17. Rad1 Qb6 18. Rd2
Rxe3 19. fxe3 c4 20. Kh1 h5 21. d6 Be6 22. Ng5 Qxe3 23. Nxe6 Qxe6 24. Bf3 $16 {
1-0 Aleksandrov,A-Jenetl,R/Krasnodar 2000/EXT 2001 (29)}) (14... Ne8 $5 15. Qa2
(15. b4 $6 Nd6 16. Qb3 Rfe8 17. Rac1 c4 $1 18. Qc2 Rxe3 19. fxe3 Qxe3+ 20. Kh1
Re8 21. Rfe1 Nc7 $17 {0-1 Kotov,A-Averbakh,Y/Moscow 1955/URS-ch (32)}) (15. Na4
Qd8 16. Nxc5 Nxc5 17. Bxc5 Rc8 18. Nf3 b6 19. Bxf8 Rxc4 20. Bxg7 Re4 21. Bd3
Rf4 22. Be5 Rxf3 23. gxf3 Qg5+ 24. Bg3 f5 25. f4 Qf6 $44 {0-1 Piceu,
T-Goormachtigh,J/Antwerp 2003/EXT 2005 (38)}) 15... Nd6 16. Rac1 Rac8 17. Rfe1
Rfe8 18. Bf1 Bd4 $13 {0-1 Kozul,Z-Jaracz,P/Ohrid 2001/CBM 084 (43)}) 15. Rab1 (
15. b4 {is again premature:} Rxe3 $1 16. fxe3 cxb4 17. Nd1 Nxd5 18. Rb1 Be6 19.
Qc1 Rc8 20. Qd2 Nc3 21. Nxc3 Bxc3 22. Qd3 Nc5 {0-1 Jamrich,G-Ni Hua/Budapest
2000/EXT 2001 (31)}) (15. Rad1 Rab8 16. Rd2 (16. Bf4 Rbd8 17. Nf3 Bf5 18. Bd3
Bg4 19. Qb5 $13 {I.Smirin}) 16... Qa5 $1 17. Nf3 b5 $1 18. Qh4 b4 19. Nb1 Rb6 (
19... Nc7 $5 {I.Smirin}) 20. h3 Bf5 21. d6 Nb8 22. Rdd1 Bxb1 23. Rxb1 Rxd6 24.
axb4 cxb4 $11 {0-1 Kozul Z-Smirin I/Sarajevo 81/396 2001/[Smirin,I] (38)})
15... h6 $6 {This plan (...g6-g5) unnecessarily weakens Black's kingside. It
was quite possible to prepare ...b7-b5 at once, not fearing Qc4-h4:} (15...
Rac8 16. h3 Qa5 $1 (16... Qd8 17. Nf3 Bf5 18. Rbd1 Qb6 19. g4 Bc2 20. Rd2 Bb3
21. Qf4 Nc7 22. Bc4 Red8 23. d6 Ne6 24. Bxe6 fxe6 25. Ne5 Rf8 26. Qg3 $14 {
1-0 Kozul,Z-Macieja,B/Neum 2000/CBM 080 (43)}) 17. Nf3 b5 18. Qh4 c4 19. Bh6 $6
(19. Bd4) 19... Nc5 20. Ng5 Qb6 21. Rbd1 Qd6 22. Bf3 Bxh6 23. Qxh6 Qf8 $15 {
0-1 Sasikiran,K-Peng Xiaomin/Calcutta 2000/CBM 074 ext (44)}) (15... Qa5 $5 16.
b4 $140 $6 cxb4 17. axb4 Qd8 $15 {[%cal Ya8c8] Z.Kozul}) 16. h3 g5 17. Nf3 Qd6
(17... Bf5 18. Bd3) 18. Nd2 Rab8 {If Black now pushes ...b7-b5, the white
queen will be in trouble.} 19. Nde4 (19. a4 $5) 19... Nxe4 20. Nxe4 Qe7 21. Ng3
Be5 (21... b5 22. Qc2 {[%cal Yg3f5,Yg3h5]}) 22. f4 $1 {Undermining Black's
kingside.} b5 23. Qc1 gxf4 $6 (23... Bc7 $142 24. Bd2 c4 {immediately entering
the knight into play. Still, White maintains initiative:} 25. Qc3 {[%cal Rg3h5]
} gxf4 26. Bxf4 Bxf4 27. Rxf4 Qe3+ 28. Qxe3 Rxe3 29. Kh2 Nc5 30. Rbf1) 24. Bxf4
Bxf4 25. Rxf4 Qe3+ 26. Kh2 Qxc1 27. Rxc1 Re5 28. Rcf1 {Due to Black's
inaccuracy, his kingside is already under attack and his a6 knight is still
out of play.} f5 29. Bd3 Nc7 30. Bxf5 Bxf5 31. Nxf5 Nxd5 32. Nxh6+ $16 {
White has won a pawn but it still requires a lot of work to win.} Kg7 33. Nf5+
Kf6 34. R4f2 Ke6 35. g4 b4 36. axb4 Nxb4 37. Rd2 Rb6 38. Ng7+ Ke7 39. Rf5 Nc6
40. Rdf2 $6 {A useless move.} (40. Kg3 $142 Rb3+ 41. Kf4) 40... Rxf5 41. Nxf5+
Ke6 42. Ng7+ Kd5 43. g5 Ne5 44. Nh5 Ng6 $6 (44... c4 {[%cal Ye5d3] is more
energetic and gives Black more drawing chances.}) 45. Nf6+ Kd4 46. Kg3 Rb3+ 47.
Kg4 Ne5+ 48. Kf5 Nf3 49. Ne4 {White avoids the position after} (49. g6 Nh4+ 50.
Kg5 Nxg6 51. Kxg6 Rxh3 {and it is not clear whether White can keep his
remaining pawn from exchange.}) 49... Re3 (49... Nh4+ 50. Kg4 Ng6 51. Nc3) 50.
Kf4 $1 ({After} 50. Nd6 Kd3 (50... Nxg5 $2 51. Rd2+) {White has apparently
nothing better than} 51. g6 Nh4+ 52. Kg5 Nxg6 53. Kxg6 Rxh3) 50... Ne5 51. Rd2+
Nd3+ 52. Rxd3+ Kxd3 53. Nxc5+ {[%mdl 4096]} Kd4 54. h4 $2 {The endgame is
winning for White but the text move lets the victory slip.} (54. g6 $1 {
was correct:} Re1 (54... Re7 55. h4 $18) (54... Re2 55. g7 Rg2 56. Ne6+ $18)
55. Nd7 (55. g7 {is insufficient now due to} Rf1+) 55... Rg1 (55... Rf1+ 56.
Kg5) 56. Kf5 Rf1+ 57. Ke6 Re1+ (57... Rg1 58. Ne5 Rg2 (58... Re1 59. g7 Rxe5+
60. Kf6 Re8 61. Kf7 $18) 59. h4 Rxb2 60. g7 $18) 58. Kd6 (58. Kf7 $143 Rf1+)
58... Rg1 59. Ne5 {etc. - the white pawns eventually queen.}) 54... Rh3 55. Kg4
Rh1 56. Nd7 Ke4 {The black king now takes active part in the defense.} 57. Nc5+
(57. g6 $6 Rg1+ 58. Kh5 Kf5 59. Nf8 Rg4) 57... Ke5 58. Nd3+ Ke6 59. h5 Rg1+ 60.
Kf4 Kf7 61. Kf5 Rf1+ 62. Nf4 Kg7 63. b4 a5 64. bxa5 Ra1 65. Ne6+ Kg8 66. h6
Rxa5+ 67. Kg6 Ra6 68. Kf5 Ra1 69. Kf6 Rf1+ 70. Kg6 Ra1 71. Nc5 Ra5 72. Ne4 Ra1
73. Nf6+ Kh8 74. Ne8 Ra6+ 75. Nf6 Ra5 76. Nd7 Ra6+ 77. Kh5 Ra5 78. Nf8 Rf5 79.
Ne6 Kh7 80. Ng7 Ra5 81. Ne8 Re5 82. Nf6+ Kh8 83. Ng4 Ra5 84. Kg6 Ra6+ 85. Nf6
Ra5 86. Ne8 Ra6+ 87. Nf6 1/2-1/2